| 000 | 00837nam a2200289 i 4500 | ||
|---|---|---|---|
| 001 | 768714001 | ||
| 003 | CO-MdFUSB | ||
| 005 | 20241204170652.0 | ||
| 007 | ta | ||
| 008 | 241204b |||||||| |||| 001 0deng d | ||
| 020 | _a0-231-08127-8 | ||
| 040 |
_aCO-MdFUSB _beng _cCO-MdFUSB _dCO-MdFUSB _erda |
||
| 041 | 0 | _aeng | |
| 082 | 0 | 4 |
_a236.8 _223 _bW1772r |
| 100 | 1 |
_aBynum, Caroliine Walker _eautor |
|
| 245 | 1 | 0 |
_aThe resurrection of the body in Western Christianity, 200-1336 _c/ Caroline Walker Bynum |
| 264 | 1 |
_bColumbia University Press, _aNew York _c[1995] |
|
| 264 | 4 | _c©1995 | |
| 300 |
_a368 páginas _c22 cm |
||
| 336 |
_atexto _btxt _2rdacontent |
||
| 337 |
_2rdamedia _asin mediación _bn |
||
| 338 |
_2rdacarrier _avolumen _bnc |
||
| 563 | _aRústico | ||
| 650 | 7 |
_aResurrección _9214 |
|
| 942 | _cBK | ||
| 945 | _aLuz | ||
| 999 |
_c46234 _d46234 |
||